McGraw-Hill dictionary of physics. (Record no. 3648)

MARC details
000 -LEADER
fixed length control field 00719nac a22002531i 4500
003 - CONTROL NUMBER IDENTIFIER
control field EG-ScBUE
005 - DATE AND TIME OF LATEST TRANSACTION
control field 20250127091137.0
008 - FIXED-LENGTH DATA ELEMENTS--GENERAL INFORMATION
fixed length control field 100919t2003 ii f d 000 0 eng d
020 ## - INTERNATIONAL STANDARD BOOK NUMBER
International Standard Book Number 9780071410489
020 ## - INTERNATIONAL STANDARD BOOK NUMBER
International Standard Book Number 0071410481
040 ## - CATALOGING SOURCE
Original cataloging agency EG-ScBUE
Language of cataloging eng
Description conventions rda
Transcribing agency EG-ScBUE
Modifying agency EG-ScBUE
082 04 - DEWEY DECIMAL CLASSIFICATION NUMBER
Classification number 530.03
Edition number 22
Item number MCG
245 00 - TITLE STATEMENT
Title McGraw-Hill dictionary of physics.
250 ## - EDITION STATEMENT
Edition statement Third edition.
264 #1 - PUBLICATION, DISTRIBUTION, ETC. (IMPRINT)
Place of publication, distribution, etc New Delhi :
Name of publisher, distributor, etc McGraw-Hill,
Date of publication, distribution, etc [2003]
264 #4 - PUBLICATION, DISTRIBUTION, ETC. (IMPRINT)
Date of publication, distribution, etc c2003
300 ## - PHYSICAL DESCRIPTION
Extent 483 pages ;
Other physical details 21 cm
336 ## - CONTENT TYPE
Source rdacontent
Content type term text
Content type code txt
337 ## - MEDIA TYPE
Media type term unmediated
Source rdamedia
Media type code n
338 ## - CARRIER TYPE
Carrier type term volume
Carrier type code nc
Source rdacarrier
650 #7 - SUBJECT ADDED ENTRY--TOPICAL TERM
Topical term or geographic name as entry element Physics
Form subdivision Dictionaries.
Source of heading or term BUEsh
9 (RLIN) 19412
655 ## - INDEX TERM--GENRE/FORM
Form subdivision Reading book
942 ## - ADDED ENTRY ELEMENTS (KOHA)
Koha item type Reference (NB)
Source of classification or shelving scheme Dewey Decimal Classification
Holdings
Withdrawn status Lost status Source of classification or shelving scheme Damaged status Not for loan Collection code Home library Current library Shelving location Date acquired Source of acquisition Total Checkouts Full call number Barcode Date last seen Koha item type Price effective from
    Dewey Decimal Classification     Alahram Central Library Central Library Ground Floor 06/05/2007 Purchase   530.03 MCG 000039507 15/07/2025 Reference (NB)  
    Dewey Decimal Classification     Alahram Central Library Central Library Ground Floor 08/03/2011 Purchase   530.03 MCG 000010351 15/07/2025 Reference (NB) 11/03/2008